000
00320nam a2200121Ia 4500
008
220204s9999 xx 000 0 und d
082
_a
002.60625
_b
KAS
100
_a
Kasner, Erick
245
0
_a
Essentials of engineering economics
260
_a
New York
_b
McGraw Hill
_c
1979
650
_a
Engineering economy
942
_c
BK
999
_c
34706
_d
34706